000 00648nam a22002297i 4500
003 URS
005 20260224134827.0
008 181206s2003 -ph||||| |||| 00| 0 eng d
020 _a971-23-3491-0
040 _cURS
_dURS
050 1 4 _aLC 1047.P6
_bD134 2003
082 _aTX 943
_bD134
100 _aDagoon, Jesse D.
245 _aTeaching strategies in livelihood and vocational education today
264 1 _aManila
_bRex Book Store
_c2003.
300 _axiv, 391 p.
_bcol. ill.; 22 cm.
336 _atext
_btxt
_2rdacontent
337 _aunmediated
_bn
_2rdamedia
338 _avolume
_bnc
_2rdacarrier
650 _aEducation
942 _cF
_2lcc
999 _c98863
_d98860